| 000 | 00595nam a22002057a 4500 | ||
|---|---|---|---|
| 005 | 20210419074157.0 | ||
| 008 | 201121s1955 ||||| |||| 00| 0 eng d | ||
| 020 | _a0553272918 | ||
| 040 |
_aeng _ceng |
||
| 080 |
_a821.111 _bS-87 |
||
| 100 |
_9253 _aStout, Rex |
||
| 245 |
_aThe Black Mountain _b: A Nero Wolfe Novel. _c/ by: Bantam Books |
||
| 260 |
_aNew York _bBantam Books _c1955 |
||
| 300 | _a192 p. | ||
| 365 | _b3.95 usd | ||
| 490 | _aA Nero Wolfe Novel | ||
| 650 | 0 |
_9254 _aEnglish literature |
|
| 653 | _aინგლისური ლიტერატურა | ||
| 942 |
_2udc _cBK |
||
| 999 |
_c1925 _d1925 |
||